<?xml version="1.0" encoding="UTF-8"?>
<record
    xmlns:xsi="http://www.w3.org/2001/XMLSchema-instance"
    xsi:schemaLocation="http://www.loc.gov/MARC21/slim http://www.loc.gov/standards/marcxml/schema/MARC21slim.xsd"
    xmlns="http://www.loc.gov/MARC21/slim">

  <leader>01479nam a22002417a 4500</leader>
  <controlfield tag="005">20260131100913.0</controlfield>
  <controlfield tag="008">260131b        |||||||| |||| 00| 0 eng d</controlfield>
  <datafield tag="020" ind1=" " ind2=" ">
    <subfield code="a">9781394205912</subfield>
  </datafield>
  <datafield tag="040" ind1=" " ind2=" ">
    <subfield code="c">AL</subfield>
  </datafield>
  <datafield tag="041" ind1=" " ind2=" ">
    <subfield code="a">English</subfield>
  </datafield>
  <datafield tag="082" ind1=" " ind2=" ">
    <subfield code="a">006.3</subfield>
    <subfield code="b">MUSG</subfield>
  </datafield>
  <datafield tag="100" ind1=" " ind2=" ">
    <subfield code="a">Martin Musiol</subfield>
    <subfield code="9">253388</subfield>
  </datafield>
  <datafield tag="245" ind1=" " ind2=" ">
    <subfield code="a">Generative AI</subfield>
    <subfield code="b">: Navigating the Course to the artificial general intelligence future</subfield>
  </datafield>
  <datafield tag="260" ind1=" " ind2=" ">
    <subfield code="a">New Jersey</subfield>
    <subfield code="b">John Wiley and Sons Inc</subfield>
    <subfield code="c">2024</subfield>
  </datafield>
  <datafield tag="300" ind1=" " ind2=" ">
    <subfield code="a">xii,420p.</subfield>
    <subfield code="b">HB</subfield>
    <subfield code="c">23.5x16cm</subfield>
  </datafield>
  <datafield tag="365" ind1=" " ind2=" ">
    <subfield code="a">MAA4-4982129</subfield>
    <subfield code="b">&#x20B9;1616.45</subfield>
    <subfield code="c">&#x20B9;</subfield>
    <subfield code="d">&#x20B9;2598.00</subfield>
    <subfield code="f">15-01-2026</subfield>
  </datafield>
  <datafield tag="520" ind1=" " ind2=" ">
    <subfield code="a">An engaging and essential discussion of generative artificial intelligence
In Generative AI: Navigating the Course to the Artificial General Intelligence Future, celebrated author Martin Musiol&#x2014;founder and CEO of generativeAI.net and GenAI Lead for Europe at Infosys&#x2014;delivers an incisive and one-of-a-kind discussion of the current capabilities, future potential, and inner workings of generative artificial intelligence. In the book, you'll explore the short but eventful history of generative artificial intelligence, what it's achieved so far, and how it's likely to evolve in the future. You'll also get a peek at how emerging technologies are converging to create exciting new possibilities in the GenAI space.
</subfield>
  </datafield>
  <datafield tag="650" ind1=" " ind2=" ">
    <subfield code="a">Evolution of AI</subfield>
    <subfield code="9">253355</subfield>
  </datafield>
  <datafield tag="650" ind1=" " ind2=" ">
    <subfield code="a">Path to AGI</subfield>
    <subfield code="9">253356</subfield>
  </datafield>
  <datafield tag="650" ind1=" " ind2=" ">
    <subfield code="a">Ethical and Social Impact</subfield>
    <subfield code="9">253357</subfield>
  </datafield>
  <datafield tag="650" ind1=" " ind2=" ">
    <subfield code="a">Future Trajectory</subfield>
    <subfield code="9">253358</subfield>
  </datafield>
  <datafield tag="942" ind1=" " ind2=" ">
    <subfield code="2">ddc</subfield>
    <subfield code="c">BK</subfield>
  </datafield>
  <datafield tag="999" ind1=" " ind2=" ">
    <subfield code="c">240841</subfield>
    <subfield code="d">240841</subfield>
  </datafield>
  <datafield tag="952" ind1=" " ind2=" ">
    <subfield code="0">0</subfield>
    <subfield code="1">0</subfield>
    <subfield code="2">ddc</subfield>
    <subfield code="4">0</subfield>
    <subfield code="7">0</subfield>
    <subfield code="8">CAA</subfield>
    <subfield code="a">AL</subfield>
    <subfield code="b">AL</subfield>
    <subfield code="c">SK</subfield>
    <subfield code="d">2026-01-15</subfield>
    <subfield code="e">amazon.in</subfield>
    <subfield code="g">1616.45</subfield>
    <subfield code="l">0</subfield>
    <subfield code="o">006.3 MUSG</subfield>
    <subfield code="p">078073</subfield>
    <subfield code="r">2026-01-31 09:34:02</subfield>
    <subfield code="v">2598.00</subfield>
    <subfield code="w">2026-01-15</subfield>
    <subfield code="y">BK</subfield>
  </datafield>
</record>
